| 000 | 00691nam a2200193 a 4500 | ||
|---|---|---|---|
| 001 | 000006230 | ||
| 005 | 20200929153914.0 | ||
| 008 | 090827s19uu dr 001 0 spa d | ||
| 040 |
_aDO-SdBNP _bspa _cBNPHU |
||
| 082 |
_axxxx _bA659d |
||
| 100 | 1 |
_aResumil Aragunde, Manuel _917418 |
|
| 245 | 1 | 3 |
_aEl desfalco / _cManuel Resumil Aragunde. |
| 260 |
_a[Ciudad Trujillo, República Dominicana], : _bUniversidad de Santo Domingo, _c[194?]. |
||
| 500 | _aInclye notas al pie de las páginas | ||
| 504 | _aIncluye bibliografía (p.151 - 154) | ||
| 502 | _aOriginalmente presentada como tesis del autor (doctorado -Universidad de Santo Domingo, 1942-43, no. 57) | ||
| 910 | _aDC | ||
| 049 | _aBNPD | ||
| 999 |
_c6025 _d6025 |
||